|
|
|
|
| LEADER |
00000ny a22000003n 4500 |
| 005 |
20110607114053.0 |
| 008 |
970408s1983 sp s 000 0 spa c |
| 017 |
|
|
|a D.L. M22377-1983
|
| 020 |
|
|
|a 8471304171
|
| 035 |
|
|
|a 442
|
| 040 |
|
|
|a UMA.CEE
|d vLex
|
| 040 |
|
|
|a UMA.RE
|d vLex
|
| 080 |
|
|
|a 347(460)
|
| 090 |
|
|
|c 522
|d 522
|
| 245 |
0 |
0 |
|a Comentarios al Cd̤igo Civil y compilaciones forales
|h [Recurso electrn̤ico]
|c dirigidos por Manuel Albaladejo
|
| 256 |
|
|
|a Servicio en ln̕ea
|
| 260 |
|
|
|a Madrid :
|b Revista de Derecho Privado :
|b Editoriales de Derecho Reunidas,
|c D.L. 1983
|
| 300 |
|
|
|a XVI, 456 p. ;
|c 21 cm
|
| 505 |
0 |
|
|a Contiene: Tomo IX, Vol.2, Artc̕ulos 706 a 743 del Cd̤igo civil /
|r comentados por Manuel Albaladejo Garca̕, Eduardo Gutiřrez-Solar y Bragado, Jos ̌Antonio Toms̀ Ortiz de la Torre
|
| 506 |
1 |
|
|a Contenido solo disponible en los productos indicados
|d vLex Global
|d vLex Global (Academic Edition, excluding Law Schools)
|d vLex Global (U.S. Academic Edition, Law Schools)
|d vLex Global (U.S. Academic Edition, excluding Law Schools)
|d vLex Global (Academic Edition, Law Schools)
|
| 650 |
0 |
7 |
|a Civil
|2 Tesauro vLex
|
| 650 |
0 |
7 |
|a Cd̤igo civil
|2 Tesauro vLex
|
| 650 |
0 |
7 |
|a Sucesorio
|2 Tesauro vLex
|
| 650 |
0 |
7 |
|a Testamento
|2 Tesauro vLex
|
| 650 |
0 |
7 |
|a Testamento cerrado
|2 Tesauro vLex
|
| 650 |
0 |
7 |
|a Derecho sucesorio
|2 Tesauro vLex
|
| 650 |
0 |
7 |
|a Testamento militar
|2 Tesauro vLex
|
| 650 |
0 |
7 |
|a Testamento mart̕imo
|2 Tesauro vLex
|
| 650 |
0 |
7 |
|a Testamento en pas̕ extranjero
|2 Tesauro vLex
|
| 650 |
0 |
7 |
|a Ineficacia del testamento
|2 Tesauro vLex
|
| 650 |
0 |
7 |
|a Revocacin̤ del testamento
|2 Tesauro vLex
|
| 700 |
1 |
|
|a Albaladejo Garca̕, Manuel,
|e dir
|
| 700 |
1 |
|
|a Gutiřrez-Solar y Bragado, Eduardo
|
| 700 |
1 |
|
|a Toms̀ Ortiz de la Torre, Jos ̌Antonio
|
| 740 |
0 |
|
|a vLex Libros (Servicios en ln̕ea)
|
| 856 |
4 |
0 |
|u http://vlex.com/source/442
|z Acceso restringido
|
| 942 |
|
|
|c BOOK
|